| 000 | 00690nam a2200193 a 4500 | ||
|---|---|---|---|
| 008 | 110928s1998 ||||||||||||||||| || u | ||
| 020 | _a0838505651 | ||
| 050 | _aRM 108 Bas | ||
| 100 | _aKatzung, Bertram G | ||
| 245 | 1 | 0 | _aBasic & clinical pharmacology. (7th ed.) |
| 250 | _a7th ed. | ||
| 260 |
_aStamford, Connecticut: _bAppleton & Lange _c1998 |
||
| 300 | _axii, 1151p.: ill. | ||
| 350 | _a0.00 | ||
| 650 | 0 | _aPHARMACY | |
| 650 | _aPHARMACOLOGY, CLINICAL | ||
| 650 | 0 | _aPHARMACOLOGY | |
| 995 |
_aMICHAEL CHILUFYA SATA OPEN ACCESS _D0.00 _e901387 _FCBU-SCHOOL OF MEDICINE LIBRARY (Ndola) _H1 _I0.00 _jRM 108 BAS _M1 _UAVAILABLE _WOct 19, 2011 _y901387 _ZMedical Library Open Access Collection |
||
| 999 |
_c30820 _d30820 |
||